| 000 | 00723cam a2200253 a 4500 | ||
|---|---|---|---|
| 001 | 13530118 | ||
| 005 | 20171215082729.0 | ||
| 008 | 040319s2004 at 000 0 eng | ||
| 010 | _a 2004297985 | ||
| 020 | _a0768912407 (pbk.) | ||
| 035 | _a(OCoLC)ocm53885314 | ||
| 040 |
_aNUW _cNUW _dSPP _dDLC |
||
| 041 | _aeng | ||
| 042 | _alccopycat | ||
| 080 | _a378.30973 FOS | ||
| 082 | 0 | 0 |
_a378.30973 FOS _222 |
| 100 | 1 | _a56 | |
| 101 | _aFIN | ||
| 245 | 1 | 0 |
_aFinancial aid 101 / _cCarlyn Foshee Chatfield. |
| 246 | 1 | 8 | _aPeterson's financial aid 101 |
| 906 |
_a7 _bcbc _ccopycat _d2 _encip _f20 _gy-gencatlg |
||
| 942 |
_2ddc _cBK |
||
| 999 |
_c39034 _d39034 |
||